000 00719nam a2200193 a 4500
008 081104s1992 ||||||||||||||||| || u
020 _a0821322044
050 _aIBRD(08)
100 _aSorsa, Pirita
245 1 0 _aEuropean integration and trade with the developing world
260 _aWashington, D.C.
_bWorld Bank
_c1992
300 _avii, 85p. : illus.
350 _a0.00
490 _aPOLICY AND RESEARCH SERIES 21
650 _aEUROPEAN ECONOMIC COMMUNITY COUNTRIES--COMMERCE--DEVELOPING COUNTRIES
650 0 _aCOMMERCE
700 _aPohl, Gerhard
995 _D0.00
_FCBU-MAIN LIBRARY (Kitwe)
_H1
_I0.00
_M1
_UAVAILABLE
_WNov 4, 2008
_ZInternational Publications
999 _c42594
_d42594